| LEADER | 00679cam a2200193 7i4500 | ||
|---|---|---|---|
| 001 | 0000034897 | ||
| 005 | 20180524090000.0 | ||
| 007 | ##ta | ||
| 008 | 180405s2017 mau eng | ||
| 020 | # | # | |a 9789677014420 |
| 090 | 0 | 0 | |a T 382.7 |b CUS (ASEA) |
| 245 | 0 | 0 | |a CUSTOMS DUTIES (GOODS OF ASEAN COUNTRIES ORIGIN) (ASEAN HARMONISED TARIFF NOMENCLATURE AND ASEAN TRADE IN GOODS AGREEMENT) ORDER 2017. |
| 264 | 2 | 0 | |a Kuala Lumpur: |b MDC Publishers Sdn Bhd, |c 2017. |
| 300 | # | # | |a 1437 pages; |c 30 cm. |
| 336 | # | # | |a text |2 rdacontent |
| 337 | # | # | |a unmediated |2 rdamedia |
| 338 | # | # | |a volume |2 rdacarrier |
| 650 | # | 0 | |a Tariff -- |z ASEAN |
| 999 | |a B000040122 |b Book |c Tariffs |e Business Information Centre | ||